| 000 | 01084nam a22002537a 4500 | ||
|---|---|---|---|
| 999 |
_c64987 _d64987 |
||
| 005 | 20240530110801.0 | ||
| 008 | 190211s2016 ua bh f b 000 0 ara d | ||
| 017 |
_a2016/17733 _bمصر. دار الكتب |
||
| 020 | _a9789773416713 | ||
| 040 |
_aEG-CaGPL _cEG-CaGPL |
||
| 082 | 0 | 4 |
_221 _a929.1 / _bق/إ ق |
| 100 | 0 | _aاسماعيل حامد اسماعيل على | |
| 245 | 1 | 0 |
_aقبيلة جهينة ودورها الحضارى فى مصر وسودان وادى النيل منذ القرن الثالث وحتى القرن التاسع الهجرى / _cتاليف اسماعيل حامد اسماعيل على |
| 250 | _aط.1 | ||
| 260 |
_aالقاهرة : _bمكتبة الثقافة الدينية، _c2016. |
||
| 300 |
_a364 ص : _bايض ؛ _c24 سم. |
||
| 504 | _aيشتمل على ارجاعات ببيلوجرافية | ||
| 650 | 0 | 7 |
_2qrmak _aالقبائل العربية |
| 650 | 0 | 7 |
_2qrmak _aالعشائر العربية |
| 650 | 0 | 7 |
_2qrmak _aجهينة ( قبيلة ) |
| 651 | _2qrmak | ||
| 942 |
_2ddc _cBK |
||